Responses for show #5126 - Monday, December 18, 2006

Steve Unite game 1.

Contestants

Jody Callahan, a journalist from Memphis, Tennessee

Steve Unite, a writer from Studio City, California

Paula Frome, a lawyer from Glen Cove, New York (whose 1-day cash winnings total $25,601)

Jeopardy! Round responses

ASIAN CAPITALS
A SPELLING CATEGORY
(Alex: A tribute to Aaron Spelling, and by the way, there's a new Melrose Place, Beverly Hills, 90210 DVD out right now.)
FRUIT BOWL
PULITZER-WINNING BIOGRAPHIES & AUTOBIOGRAPHIES
NECKWEAR
ADJECTIVES
    $200 2
New Delhi

Jody
    $200 15
Charmed

Paula
    $200 17
pears

Paula
    $200 3
Angela's Ashes

Jody
    $200 22
a bib

Steve
    $200 1
raggedy

Steve
    $400 6
Tokyo

Jody
    $400 27
Dynasty

Steve
    $400 18
grapes

Paula
    $400 4
(Vladimir) Nabokov

Paula
    $400 23
a lei

Steve
    $400 5
grim

Steve
    $600 7
Tehran

Steve
    $600 28
Charlie's Angels

Triple Stumper
    $600 19
apples

Steve
    $600 8
(Alex: I bet you saw the movie--[*].)

The Spirit of St. Louis

Triple Stumper
    $600 24
a muffler

Paula
    $600 13
serrated

Paula
    $800 9
Jakarta

Steve
    $800 29
Minnesota

Jody
    $800 20
(Alex: That would be [*]. A lot of them in that part of the country.)

cherries

Triple Stumper
    $800 11
A Thousand Days

Steve
    $400 25
a boa

Paula
    $800 14
native

Jody
    $1000 10
(Alex: It's in Saudi Arabia, and it is [*].)

Riyadh

Triple Stumper
    $1000 30
Laura Leighton

Triple Stumper
    $1000 21
peaches

Steve
    $1000 12
William James

Triple Stumper
    $1000 26
dog tags

Steve
    $1000 16
voracious

Paula

Scores at the first commercial break (after clue 15):

Paula Steve Jody
$1,200 $2,800 $1,600

Scores at the end of the Jeopardy! Round:

Paula Steve Jody
$3,800 $6,400 $2,400

Double Jeopardy! Round responses

"H"EALTH & MEDICINE
GAITS
'ALLO, GOVERNOR
(Alex: Tell us each governor's state.)
SAME FIRST & LAST LETTER
THE KING IS DEAD
LONG LIVE THE KING
    $400 5
hardening of the arteries

Steve
    $400 2
a shuffle

Jody
    $400 18
New York

Jody
    $400 13
tempest

Steve
    $400 1
William the Conqueror

Steve
    $400 22
Ed Sullivan

Paula
    $800 9
histamines

Steve
    $800 4
a goose step

Jody
    $800 19
Massachusetts

Jody
    $800 14
oregano

Triple Stumper
    $800 3
Macbeth

Paula
    $800 24
Hound Dog

Paula
    $1,400 10
hematology

Steve
    $1200 6
mince

Paula
    $1200 20
Arkansas

Jody
    $1200 15
knack

Steve
    $1200 25
Louis XVI

Jody
    $1200 26
teddy bears

Paula
    $1600 11
herniated

Paula
    $1600 7
(Paula: What is a trot?)

a canter

PaulaSteve
    $1600 21
Texas

Steve
    $1600 16
literal

Steve
    $1600 27
(Jody: Who is Pepin?)
(Alex: Which one?)
(Jody: The 1st?)

Pepin III (the Short)

Jody
Triple Stumper
    $1600 29
"Heartbreak Hotel"

Steve
    $2000 12
hamstring

Triple Stumper
    $2000 8
galumph

Paula
    $2000 23
Louisiana

Steve
    $2000 17
epilogue

Steve
    $2000 28
Aegeus

Jody
    $5 30
FDR

Steve

Scores at the end of the Double Jeopardy! Round:

Paula Steve Jody
$10,200 $21,405 $7,600
(lock game)

[wagering suggestions for these scores]

Final Jeopardy! Round responses

20th CENTURY PLAYWRIGHTS
JodyWho is Albee?
$3,000
PaulaWho was Ionesco?
$180
SteveWho is Beckett?!
$999
Samuel Beckett

Final scores:

Paula Steve Jody
$10,020 $22,404 $4,600
2nd place: $2,000 New champion: $22,404 3rd place: $1,000

Game dynamics:

Coryat scores:

Paula Steve Jody
$10,600 $23,200 $7,600
15 R
(including 1 DD),
1 W
24 R
(including 2 DDs),
0 W
12 R,
1 W

Combined Coryat: $41,400

The J! Archive is created by fans, for fans. The Jeopardy! game show and all elements thereof, including but not limited to copyright and trademark thereto, are the property of Jeopardy Productions, Inc. and are protected under law. This website is not affiliated with, sponsored by, or operated by Jeopardy Productions, Inc. Join the discussion at JBoard.tv.